Dog breeds - Statistics

General Stats
  • This quiz has been taken 21 times
  • The average score is 8 of 15
Answer Stats
Hint Answer % Correct
Lassie collie
100%
police dogs german shepherd
83%
chocolate and vanilla lab
67%
too many wrinkles sharpei
67%
sheep herder border collie
50%
Poppy and Chloe chihuahua
50%
golden coat golden retriever
50%
Marmaduke great dane
50%
fashionista yorkie
50%
sled pullers husky
33%
very annoying jack russel
33%
white and silky fur maltese
33%
bonjour! poodle
33%
Beethoven St.Bernard
33%
very fast whippet
33%
No matching quizzes found
Score Distribution
Percent of People with Each Score
Percentile by Number Answered
Your Score History
You have not taken this quiz